000 00485 a2200169 4500
999 _c41807
_d41807
003 OSt
005 20221114114307.0
008 221114b ||||| |||| 00| 0 eng d
020 _a9780070151314
040 _coclc
082 _a621.4021
_bNAG/B
100 1 _99301
_aNag, P. K.
245 _aBasic and applied thermodynamics /
_cP K Nag
260 _aNew Delhi:
_bMc grawhill,
_c2019.
300 _a846 p
942 _2ddc
_cBK
_h621.4021
_iNAG/B
_k621.4021
_mNAG/B